000 00255ngm a2200085 454500
008 180718b xxu||||| |||| 00| 0 eng d
245 _aStrategic management competitiveness and globalization: concepts and cases
250 _a6th edn.
260 _a
_bSouth-Western
_c
999 _c447262
_d447262